000 00300nam a2200133Ia 4500
008 240624s9999 xx 000 0 und d
041 _aeng
082 _a519.5 SHA
100 _aSHARMA SUBHASH
245 _aAPPLIED MULTIVARIATE TECHNIQUES
260 _c1996
300 _a512 : p.
365 _c
_b28
999 _c27976
_d27976